| 000 | 004940000a22001930004500 | ||
|---|---|---|---|
| 003 | LK-CoMWRAF | ||
| 005 | 20230918115604.0 | ||
| 008 | 230817t ||||| |||| 00| 0 eng d | ||
| 040 |
_aLK-CoMWRAF _dLK-CoMWRAF _eLK-CoMWRAF |
||
| 041 | _aeng | ||
| 082 |
_a297 _bMOU |
||
| 100 | _aMoussa, Muhammad Youssef | ||
| 245 | _aIslam and humanity's need of it | ||
| 260 |
_aCairo _bSup.Coun.Islamic Affairs |
||
| 300 | _a298p | ||
| 490 | _aStudies in Islam series | ||
| 650 | _aIslam | ||
| 942 | _cBK | ||
| 999 |
_c2925 _d2925 |
||